Top 100 attori - Statistics

Statistiche generali
  • Questo quiz è stato fatto 796 volte
    690 dall'ultimo reset
  • Il punteggio medio è 34 su 100
Statistiche sulle risposte
Hint Risposta % Corretto
47 Brad Pitt
87%
4 Leonardo DiCaprio
87%
35 James Dean
76%
2 Al Pacino
74%
5 Robert De Niro
68%
74 Tom Cruise
64%
57 Johnny Depp
63%
6 Tom Hanks
62%
3 Marlon Brando
61%
95 George Clooney
58%
21 Denzel Washington
54%
32 Cristopher Lee
52%
29 Harrison Ford
52%
44 Clint Eastwood
51%
1 Jack Nicholson
51%
78 Matt Damon
51%
23 Morgan Freeman
50%
77 Will Smith
50%
59 John Travolta
49%
14 Marcello Mastroianni
48%
26 Samuel L. Jackson
47%
83 Robin Williams
46%
40 Vittorio De Sica
44%
97 Bruce Willis
43%
75 Russell Crowe
43%
91 Sylvester Stallone
43%
11 Anthony Hopkins
42%
73 Bradley Cooper
42%
10 Christian Bale
42%
33 Gary Cooper
42%
69 Robert Downey Jr.
42%
53 Sean Connery
42%
82 Vittorio Gassman
42%
70 Cillian Murphy
41%
9 Charlie Chaplin
38%
71 Jim Carrey
38%
48 Dustin Hoffman
37%
17 Paul Newman
37%
93 Philip Seymour Hoffman
37%
19 Totò
37%
100 Cary Grant
36%
50 John Wayne
36%
88 Keanu Reeves
36%
27 Sean Penn
36%
67 Joaquin Phoenix
35%
31 Joe Pesci
33%
39 Kirk Douglas
33%
38 Michael Douglas
33%
18 Buster Keaton
32%
12 Daniel Day-Lewis
30%
64 Edward Norton
30%
63 Hugh Jackman
30%
13 Liam Neeson
30%
51 Matthew McConaughey
30%
81 Tom Hardy
30%
37 Kevin Spacey
29%
34 Heat Ledger
28%
30 Henry Fonda
28%
92 Kevin Costner
28%
84 Mel Gibson
27%
15 Patrick Stewart
27%
98 Massimo Troisi
26%
16 Michael Caine
26%
22 Gary Oldman
25%
46 Adrien Brody
24%
65 Colin Firth
24%
49 Gene Hackman
24%
89 Mark Ruffalo
24%
20 Clark Gable
23%
61 Jamie Foxx
23%
56 Robert Duvall
23%
76 Jake Gyllenhaal
22%
90 Kurt Russell
22%
41 Willem Dafoe
21%
66 Bill Murray
20%
42 Cristoph Waltz
20%
62 Ian McKellen
20%
8 Jack Lemmon
19%
28 Spencer Tracy
19%
72 Viggo Mortensen
19%
7 Laurence Olivier
18%
54 Tim Roth
18%
60 Javier Bardem
17%
87 Mickey Rourke
17%
99 Robert Mitchum
17%
86 Bryan Cranston
16%
43 Cristopher Walken
16%
36 Jeff Bridges
16%
58 Michael Fassbender
16%
52 Ralph Fiennes
16%
80 Benedict Cumberbatch
15%
68 Ray Liotta
15%
85 Vincent Cassell
15%
25 Peter Sellers
14%
79 Gene Wilder
12%
55 Martin Sheen
12%
45 Alan Arkin
11%
96 Forest Withaker
10%
94 Jeff Goldblum
10%
24 Max von Sydow
10%
Nessun quiz corrispondente trovato
Distribuzione punteggi
Percentuale di utenti per punteggio
Percentile per numero di risposta
I tuoi punteggi nel tempo
Non hai fatto questo quiz dall'ultimo reset